000 00493nam a2200181Ia 4500
005 20250508152854.0
008 008 250505s9999 xx 000 0 eng d
037 _aTextual
040 _aFEDL
_beng
_cFEDL
041 _aeng
_2eng
084 _a709.52, YOS
_qFEDL
100 _aYoshino Tomio
_9762621
245 0 _aJapanese lacqier ware
260 _aTokyo, Japan
_bJapan Travel Bureau
_c1959
300 _a180p.
942 _cTEXL
_h709.52, YOS
999 _c1339316
_d1339316